Discovering Statistics Using R
Gespeichert in:
| 1. Verfasser: | |
|---|---|
| Weitere Verfasser: | , |
| Format: | Buch |
| Sprache: | Englisch |
| Veröffentlicht: |
London
SAGE
2012
|
| Ausgabe: | 1st Edition |
| Schlagworte: | |
| Tags: |
Keine Tags, Fügen Sie das erste Tag hinzu!
|
MARC
| LEADER | 00000nam a2200000 4500 | ||
|---|---|---|---|
| 001 | 0259840 | ||
| 005 | 20240226124523.4 | ||
| 020 | |a 978-1-4462-0046-9 | ||
| 020 | |a 978-1-4462-0045-2 | ||
| 041 | 0 | |a eng | |
| 044 | |a GB | ||
| 245 | 1 | 0 | |a Discovering Statistics Using R |c Andy Field, Jeremy Miles, Zoë Field |
| 250 | |a 1st Edition | ||
| 264 | 1 | |a London |b SAGE |c 2012 | |
| 300 | |a 957 s. | ||
| 610 | 2 | 0 | |a štatistika |
| 610 | 2 | 0 | |a teória štatistiky |
| 610 | 2 | 0 | |a metódy štatistické |
| 610 | 2 | 0 | |a korelácia |
| 610 | 2 | 0 | |a zber dát |
| 610 | 2 | 0 | |a výskum |
| 610 | 2 | 0 | |a analýza dát |
| 610 | 2 | 0 | |a modely štatistické |
| 610 | 2 | 0 | |a grafy |
| 610 | 2 | 0 | |a regresia |
| 610 | 2 | 0 | |a logistika |
| 610 | 2 | 0 | |a softvér |
| 610 | 2 | 0 | |a programy počítačové |
| 610 | 2 | 0 | |a testy |
| 610 | 2 | 0 | |a modely lineárne |
| 100 | 1 | |a Field, Andy | |
| 700 | 1 | |a Miles, Jeremy | |
| 700 | 1 | |a Field, Zoë | |